| 000 | 00485nam a2200181Ia 4500 | ||
|---|---|---|---|
| 003 | OSt | ||
| 005 | 20260119141331.0 | ||
| 008 | 210210b1961 xxu||||| |||| 00| 0 eng d | ||
| 040 | _cAL | ||
| 041 | _aKannada | ||
| 082 | _a859/284 | ||
| 100 |
_aKASTURI N _9148818 _d ನಾ.ಕಸ್ತೂರಿ. |
||
| 245 |
_aRanganayaki: _bರಂಗನಾಯಕಿ |
||
| 260 |
_aDharavada _bManohara Grantha Mala _c1961 |
||
| 690 |
_aKannada Fiction _9148819 |
||
| 906 | _a021156 | ||
| 942 |
_2ddc _cBK |
||
| 999 |
_c145218 _d145218 |
||